000 00353nam a2200133Ia 4500
008 240624s9999 xx 000 0 und d
041 _aeng
082 _a658.421 RED
100 _aREDDY P NARAYANA
245 _aENTREPRENEURSHIP TEXT AND CASES
260 _c2011
_aNew Delhi
_bCengage Learning
300 _avii, : 402 : p. : cm. ; 24
365 _cRS
_b31
999 _c25045
_d25045